[Event "IECG QF.2007.0.00082"]
[Site "IECG email"]
[Date "2007.02.05"]
[Round "2.1"]
[White "Trevis, Robert"]
[Black "Geddes, Bruce"]
[Result "0-1"]
[WhiteElo "1050"]
[BlackElo "1000"]
[PlyCount "44"]
[EventDate "2007.02.05"]
[EventType "tourn (corr)"]
[EventRounds "6"]
[SourceTitle "Corr 2024"]
[Source "ChessBase"]
[SourceDate "2023.10.19"]
[SourceVersion "1"]
[SourceVersionDate "2023.10.19"]
[SourceQuality "1"]

1. e4 c5 2. d4 cxd4 3. Nf3 e5 4. c3 dxc3 5. Nxc3 Nc6 6. Bc4 d6 7. Qb3 Qd7 8. 0-0 Na5 9. Qb4 Nxc4 10. Qxc4 Qc6 11. Qd3 Be6 12. Bg5 h6 13. Bh4 g5 14. Bg3 Be7 15. Nd5 Rc8 16. Nd2 Nf6 17. Nxf6+ Bxf6 18. Rfe1 h5 19. h3 h4 20. Bh2 g4 21. hxg4 Bxg4 22. Nf3 Rg8 0-1